000 00763nam a2200277 u 4500
003 UPN
005 20240415162945.0
008 190917s2011 sp a br 000 1 spa d
020 _a9788415250128
035 _aUPN01000232878
040 _aMX-MxUPN
_bspa
_cMX-MxUPN
041 _aspa
050 4 _aPZ76.3
_bO45 2011
100 0 _aOli,
_d1961-
_933535
245 1 0 _aArturo
246 3 _aArtur
260 _a[España] :
_bKalandraka Editora,
_c2011.
300 _a[24] páginas:
_bilustraciones
650 4 _96744
_aCuentos infantiles
650 7 _91061
_aAnimales
_vLiteratura infantil
700 1 _951561
_aTaeger, Marc,
_d1963-
_eilustraciones
902 _bMaríaRobles/150424
905 _aInfantil
942 _n0
_2lcc
_cLIBRO
999 _c204973
_d204973